000 00847nam0a22002531 4500
001 rc\3242737
005 20260407141031.0
021 _aRU
_b73-ОЭ-3297/20
021 _aRU
_bРг13352-73
035 _a(NLR Aleph) 007376508
090 _a6461921
_c6461921
100 _a20130115d1973 |||y0rusy50 ca
101 0 _arus
102 _aRU
105 _ay z |||||
200 1 _aХлорацизин
_e(Отзыв о применении препарата в Болгарии и Польше)
_fВ/О "Медэкспорт"
210 _a[Москва]
_cВнешторгиздат
_d[1973]
215 _a7 с.
_d22
712 0 2 _a"Медэкспорт", всесоюзное объединение
_3RU\NLR\AUTH\8810008531
_9514809
801 0 _aRU
_bNLR
_gpsbo
801 1 _aRU
_bELAR
_2rusmarc
852 _aNLR
_j73-6/7606
942 _cBOOK
980 _aNB